| 000 | 01068nam a2200301 a 4500 | ||
|---|---|---|---|
| 003 | OSt | ||
| 005 | 20231121103519.0 | ||
| 008 | 231108s2016 rm a|||| |||| 001 0 eng d | ||
| 020 | _a978-92-5-109325-2 | ||
| 040 |
_cCHAP _erda |
||
| 082 | 0 | 0 |
_222 _a636.08 _bF21y Man. v.18 |
| 245 | 0 | 0 |
_aLivestock-related interventions during emergencies : _bthe how-to-do-it manual / _cpor FAO. |
| 264 | 1 |
_aRoma : _bFAO, _c2016. |
|
| 300 |
_axiv, 240 páginas: _btablas. |
||
| 336 |
_2rdacontent _atexto _btxt |
||
| 337 |
_2rdamedia _asin medio _bn |
||
| 338 |
_2rdacarrier _avolumen _bnc |
||
| 490 | 1 | _aFAO. Producción y sanidad animal. Manual | |
| 504 | _aIncluye referencias bibliográficas páginas : 237-240. | ||
| 650 | 4 |
_9102221 _aSanidad animal |
|
| 650 | 4 |
_932111 _aDesastres naturales |
|
| 650 | 4 |
_947483 _aGenética animal |
|
| 650 | 4 |
_9101809 _aSalud animal |
|
| 710 |
_9144278 _aOrganización de las Naciones Unidas para la Agricultura y la Alimentación (FAO) |
||
| 830 | 0 |
_939661 _aFAO. Producción y sanidad animal. Manual _v18 |
|
| 942 | _2ddc | ||
| 942 | _cLIBRO | ||
| 999 |
_c219356 _d219356 |
||